Loading...
| Fine Arts - Other | 0 | 3 | 0 | 0 | 30 | 74 | 98.33 | 1 | 1 | 6.41 | 20.37 |
| History - American | 0 | 3 | 0 | 2 | 30 | 88 | 98.00 | 0 | 0 | 2.22 | 8.99 |
| Social Science | 0 | 3 | 0 | 1 | 30 | 64 | 89.33 | 0 | 0 | 7.42 | 18.65 |
| Literature - World | 0 | 2 | 0 | 1 | 20 | 101 | 107.50 | 0 | 0 | 1.45 | 3.44 |
| Literature - American | 0 | 2 | 0 | 0 | 20 | 70 | 81.00 | 0 | 1 | 7.21 | 13.23 |
| Fine Arts - Painting and Sculpture | 0 | 2 | 1 | 0 | 15 | 76 | 87.00 | 0 | 1 | 5.64 | 12.17 |
| Literature - European | 0 | 2 | 1 | 0 | 15 | 76 | 94.00 | 0 | 2 | 4.57 | 12.96 |
| Science - Biology | 0 | 1 | 0 | 0 | 10 | 58 | 58.00 | 0 | 0 | 4.91 | 5.56 |
| Literature - British | 0 | 1 | 0 | 0 | 10 | 60 | 60.00 | 0 | 0 | 5.60 | 3.70 |
| Philosophy | 0 | 1 | 0 | 0 | 10 | 102 | 102.00 | 0 | 0 | 0.79 | 2.04 |
| History - Other | 0 | 1 | 0 | 1 | 10 | 109 | 109.00 | 0 | 0 | 0.10 | 3.70 |